Catálogo
Digital

Catálogo
Digital

Los recursos no renovables del Ecuador (Record no. 8086)

MARC details
000 -LEADER
campo de control de longitud fija 01514nam a2200301Ia 4500
000 - LEADER
campo de control de longitud fija nam a22 i 4500
001 - NÚMERO DE CONTROL
campo de control UNACH-9927
007 - CAMPO FIJO DE DESCRIPCIÓN FÍSICA--INFORMACIÓN GENERAL
campo de control de longitud fija ta
008 - DATOS DE LONGITUD FIJA--INFORMACIÓN GENERAL
campo de control de longitud fija 221212s ||||fr|||| 00| | spa d
041 0# - CÓDIGO DE IDIOMA
Código de lengua del texto/banda sonora o título independiente spa
082 04 - NÚMERO DE LA CLASIFICACIÓN DECIMAL DEWEY
Número de clasificación 910
Número de ítem Geografía, Topografía, Viajes
100 1# - ENTRADA PRINCIPAL--NOMBRE DE PERSONA
Nombre de persona Paladines, Agustín,
Término indicativo de función/relación autor
240 10 - TÍTULO UNIFORME
Título uniforme Base para la Planificación y Ordenamiento
245 10 - MENCIÓN DEL TÍTULO
Título Los recursos no renovables del Ecuador
250 ## - MENCION DE EDICION
Mención de edición 1a ed
264 31 - PRODUCCIÓN, PUBLICACIÓN, DISTRIBUCIÓN, FABRICACIÓN Y COPYRIGHT
Producción, publicación, distribución, fabricación y copyright [Lugar de publicación no identificado] :
Nombre del de productor, editor, distribuidor, fabricante Editorial Universitaria,
Fecha de producción, publicación, distribución, fabricación o copyright 2005
300 ## - DESCRIPCIÓN FÍSICA
Extensión 191 páginas :
Otras características físicas mapas, gráficos, cuadros
336 ## - TIPO DE CONTENIDO
Término de tipo de contenido texto
Código de tipo de contenido txt
Fuente rdacontent
337 ## - TIPO DE MEDIO
Nombre/término del tipo de medio no mediado
Código del tipo de medio n
Fuente rdamedia
338 ## - TIPO DE SOPORTE
Nombre/término del tipo de soporte volumen
Código del tipo de soporte nc
Fuente rdacarrier
504 ## - NOTA DE BIBLIOGRAFÍA, ETC.
Nota de bibliografía, etc. Incluye: Presentación, Introducción, Contenido de la obra, Bibliográfica.
505 0# - NOTA DE CONTENIDO CON FORMATO
Nota de contenido con formato Antecedentes básicos para la planificación y ordenamiento de los recursos no renovables.-- Experiencia sobre la planificación y explotación de los recursos no renovable.-- Explotación irracional de los recursos no renovables.-- Relación reservas producción.-- Algunos hechos que reflejan cierta planificación y explotación racional de los recursos no renovable.-- Distribución y ordenamiento de los recursos no renovable.-- Marco Arquitectónico.-- Distribución regional de los recursos no renovable.-- Proyectos prioritarios.-- Propuesta de ordenamiento territorial.
650 14 - PUNTO DE ACCESO ADICIONAL DE MATERIA--TÉRMINO DE MATERIA
Término de materia o nombre geográfico como elemento de entrada PLANIFICACIÓN
650 24 - PUNTO DE ACCESO ADICIONAL DE MATERIA--TÉRMINO DE MATERIA
Término de materia o nombre geográfico como elemento de entrada NO RENOVABLES
650 24 - PUNTO DE ACCESO ADICIONAL DE MATERIA--TÉRMINO DE MATERIA
Término de materia o nombre geográfico como elemento de entrada RECURSOS
942 ## - ELEMENTOS DE ENTRADA SECUNDARIOS (KOHA)
Fuente del sistema de clasificación o colocación Clasificación Decimal Dewey
Tipo de ítem Koha Libros
Suprimir en OPAC No
Holdings
Estado de pérdida Fuente del sistema de clasificación o colocación Estado de daño No para préstamo Biblioteca de origen Biblioteca actual Sección Fecha de adquisición Total de préstamos Signatura topográfica completa Código de barras Visto por última vez Precio de reemplazo Tipo de ítem Koha Fuente de adquisición Copia número
  Clasificación Decimal Dewey     Biblioteca Campus Norte Biblioteca Campus Norte Facultad de Ciencias Políticas y Administrativas - Generalidades 21/11/2025   910 PAL L018351 L018351 21/11/2025 21/11/2025 Libros Disposición Transitoria SEGUNDA. Resolución No. 0311-CU-UNACH-SE-ORD-16-09-2024 Ej:02
  Clasificación Decimal Dewey     Biblioteca Campus Sur Biblioteca Campus Sur Pedagogía de la Historia y las Ciencias Sociales 24/06/2015   910 PAL L020672 L020672 15/12/2022 15/12/2022 Libros    

Powered by Koha